| 000 | 00742nam a22002177a 4500 | ||
|---|---|---|---|
| 999 |
_c842 _d842 |
||
| 003 | AR-CdUCM | ||
| 008 | 190225b ||||| |||| 00| 0 spa d | ||
| 040 |
_aMUNICIPALIDAD PROVINCIAL DEL CUSCO _cBIBLIOTECA MUNICIPAL DEL CUSCO |
||
| 082 |
_23ra. ed. _a355.03 / _bH13 |
||
| 100 |
_aHaddad Carvallo, David _93194 |
||
| 245 |
_aPrevencion y Seguridad / _cHaddad Carvallo, David |
||
| 260 |
_aLima - Peru : _bOrden y Seguridad , _c1984. |
||
| 300 |
_a254 paginas : _c21 cm. |
||
| 440 |
_aDefensa Civil : _nII TOMO. _93195 |
||
| 650 |
_aPrevencion Laboral. _93196 |
||
| 650 |
_aSeguridad Civil. _93197 |
||
| 650 |
_aPrevencion y Seguridad LABORAL. _93198 |
||
| 700 |
_aHaddad Carvallo, David _93194 |
||
| 942 |
_2ddc _cLIBROS |
||
| 945 |
_artm _d2019-02-25 |
||